Chat GPT fait des promos contre des catcheurs - Statistiques

Statistiques générales
  • Ce quiz a été pris 410 fois
  • Le résultat moyen est 11 sur 19
Statistiques - réponses
Chat GPT sur les promotions Réponse % Correct
On connaît tous l'histoire, le gentil garçon à la casquette colorée, le héros des enfants, celui qui surmonte l'adversité avec un sourire et un slogan. Mais ce que ces gens oublient, c'est que derrière ce sourire se cache un homme qui a été au sommet trop longtemps, aveuglé par ses propres projecteurs. John Cena
98%
Ton règne despotique a assez duré. Prépare-toi à voir ta couronne glisser de tes mains, car ce soir, c’est la fin de ton hégémonie et le début d'une nouvelle ère. L'ère où le pouvoir se mérite, non pas par la manipulation, mais par la véritable grandeur. Et cette grandeur, c’est moi qui l’incarne. La vérité que tu refuses d'accepter, c'est que le jeu a changé Triple H
86%
Tu as affronté tous les grands noms, tu as défendu ta place à WrestleMania et au-delà, mais maintenant, tu es là, dans l’ombre de ce que tu étais. Les années ont passé, ton corps est fatigué, et tout ce mystère que tu as cultivé autour de toi n'est plus aussi effrayant. Parce qu'au fond, *** ****, tu n'es qu’un homme, un homme qui vieillit et qui finit par se rendre compte que l’ombre dans laquelle il se cache ne dure pas éternellement. Undertaker
86%
Mais la vraie question, *****, c’est : sans tes acolytes, sans les manipulations, qui es-tu vraiment ? Derrière cette façade de domination, il y a un homme qui doute, un homme qui sait que le jour où il tombera, ce sera à cause de quelqu’un qui n’a pas peur de le regarder droit dans les yeux. Roman Reigns
85%
Tu as fait tout ce qu'il fallait pour être respecté, mais au final, tu n’es rien de plus qu’un vieux serpent dont le venin ne mord plus. Et ce soir, je vais t’écraser, t'humilier, et quand l'arbitre comptera trois, tout le monde saura que même une vipère peut être mise hors d'état de nuire. Tu n'es plus ce "*****" invincible. Aujourd'hui, tu es juste un obstacle que je vais franchir en un instant. Randy Orton
82%
Quand je te regarderai dans les yeux sur ce ring, sache que je ne serai pas là pour écouter un autre de tes monologues sans fin. Je serai là pour te prouver que tout ce que tu représentes, ce culte de la personnalité que tu chantes, s'effondre quand il est confronté à la vraie puissance, à la vraie domination. CM Punk
79%
La peur est une arme à double tranchant. Elle peut paralyser, mais elle peut aussi galvaniser. Et moi, je ne suis pas ici pour reculer. Je suis ici pour me tenir droit face à l'enfer lui-même et prouver que la force la plus redoutable est celle du courage. Kane
78%
Tu as été l’underdog toute ta vie, le plus petit mais le plus vaillant, et tu as prouvé encore et encore que la taille ne fait pas le champion. Mais ce soir, je suis ici pour écrire mon propre chapitre, pour montrer que l'élève peut rivaliser avec le maître. Rey Mysterio
77%
Le gars qui se prend pour un dieu du ring, avec son arrogance et son attitude de "je suis meilleur que tous". Tu es là à te pavaner avec ton nom, ton talent indéniable et ton passé impressionnant, mais tout ça ne fait pas de toi un champion. Ce soir, **, je vais te faire comprendre que le fait d’être appelé "phénoménal" ne te donne pas une place d'office au sommet. AJ Styles
63%
Tu as cru que cette image de "sourire et câlins" te mènerait au sommet, mais tu as dû te rendre compte qu’il n’y a pas de place pour des poupées en plastique dans le monde impitoyable du catch. Alors tu t’es transformée, tu t’es durcie, tu t’es donné une nouvelle image, mais, au fond, tu n'es toujours qu’une version brisée de celle qui a échoué. Bayley
58%
Tu te crois au sommet parce que tu as pris quelques grands risques dans ta carrière, mais tout ce que ça prouve, c’est que tu n’as jamais été capable de jouer le jeu sur le long terme. Tu parles de passion et de courage ? Mais ce que tu ne vois pas, c’est que ta carrière est en train de se consumer. Ces gestes spectaculaires que tu adores faire, ces moments où tu brilles sous les projecteurs, ils ne te mèneront nulle part. Ce soir, tu vas découvrir ce que ça veut dire vraiment dominer sur ce ring. Jeff Hardy
57%
Tu te pavanes avec ta couronne, pensant que ton nom te permet d’écraser tout sur ton passage, mais ça ne marche pas comme ça dans ce business. Ce que tu oublies, c’est que tu n’es pas invincible. Pour tout ce que tu as accompli, pour toute cette histoire familiale que tu portes sur tes épaules, il y a une chose que tu n’as jamais compris : ce qui fait un véritable champion, ce n’est pas l’héritage, c’est la capacité à écraser les autres, à dominer avec force et détermination. Charlotte Flair
51%
Non, je suis ici pour prouver que la brutalité n’est pas seulement une question de muscles ou d’attitude, mais de volonté, de résilience, et d'une rage que tu ne pourras jamais dominer. Rhea Ripley
47%
Mais ce que tu oublies, c’est que cette chevelure, ce symbole de ta fougue, n’est rien face à l’ombre qui t’attend. Parce que, *****, moi, je ne suis pas là pour me contenter d'une victoire ordinaire. Je suis là pour éteindre ce feu que tu portes avec tant de fierté. Becky Lynch
43%
Le champion de la brutalité, celui qui écrase tout sur son passage avec une discipline militaire et une puissance inhumaine. Tu t’es fait un nom en dominant tes adversaires, en imposant ta loi, et tout le monde te craint pour ton style impitoyable. Mais laisse-moi te dire quelque chose, *** : ta domination s’arrête ici, ce soir. Gunther
43%
Tu veux qu’on parle de toi ? Parce qu’en réalité, tu n'es rien de plus qu'un type qui se cache derrière des blagues de mauvais goût et une colère mal maîtrisée pour compenser le fait que tu n’es pas aussi bon que tu prétends l’être. Kevin Owens
35%
Tu penses que ta popularité, ton charisme et ton "swagger" te suffisent pour dominer ce ring, mais tu oublies une chose : ce n’est pas la gueule que tu tires, ni les phrases que tu balances, qui font un champion. Non, c’est la capacité à être impitoyable, à écraser ceux qui se croient plus forts, et c’est là où tu échoues. Parce que tout ce que tu as, c’est une façade. Un personnage. Une illusion. Et ce soir, je vais la détruire, pièce par pièce. LA Knight
29%
Tu as l’habitude de tout écraser sur ton passage, d’imposer ta volonté sans jamais te soucier des conséquences. Mais la force brute, ***, ce n’est pas ce qui fait un véritable champion. C’est l’esprit, le cœur et la détermination qui séparent les puissants des légendaires. Nia Jax
28%
L'homme qui a longtemps été un mystère pour tout le monde, une figure aussi terrifiante que ridicule. Tu es là, avec ton regard étrange, ta démarche lourde, et ton passé de "monstre" qu'on t’a imposé. Tu as joué le rôle du tueur impitoyable, l’homme au regard vide, et tout le monde avait peur de toi. Mais la vérité, *******, c’est que derrière ta grande stature et ton air menaçant, tu n'es rien de plus qu’une caricature de ce que tu crois être. Snitsky
18%
Aucun quiz correspondant
Distribution des résultats
% des personnes avec chaque résultat
Percentile par nombre de réponses
Votre historique - résultats
Vous n’avez pas pris ce quiz